| 000 | 01174nji a22002897a 4500 | ||
|---|---|---|---|
| 005 | 20100915141725.0 | ||
| 006 | a|||||r|||||00| 0 | ||
| 007 | sd ammalaaahaa | ||
| 008 | 100830t xxu||||| |||| 00| 0 eng d | ||
| 028 |
_aECLP.5492 _bEMI |
||
| 035 | _aGR-02694 | ||
| 040 |
_aSED _cSED |
||
| 100 |
_917455 _aArun Kumar |
||
| 245 |
_aKismat / _csung by Arun Kumar [and] Ameerbai; music by Anil Biswas _h[sound recording] : |
||
| 246 | _aकिस्मत / | ||
| 260 |
_aDum Dum, India _bEMI _c1976 |
||
| 300 |
_a1 sound disc [Gramophone Recording]: _banalog, 33 1/3 rpm _c12.5 in. (LP) _fGramophone Record |
||
| 500 | _aBrief Record | ||
| 500 | _aRecord labels : EMI, Red | ||
| 505 | _aSide-1 धीरे धीरे आरे बादल (Dheere dheere aare badal) (Arun Kumar [and] Ameerbai) Side-2 चल चल रे नौजवान (Chal chal re naujawan) (Leela Chitnis, Ashok Kumar and Chorus) | ||
| 600 |
_aArun Kumar _919590 |
||
| 650 |
_aFilm Songs _zIndia _91186 _xExcerpts |
||
| 700 |
_aAmirbai _920167 |
||
| 700 |
_aBiswas, Anil _920193 |
||
| 942 |
_2ddc _cGR |
||
| 999 |
_c45951 _d45951 |
||